000 00643nam a2200229Ia 4500
003 OSt
005 20220928102103.0
006 a|||||r|||| 00| 0
007 ta
008 220927b |||||||| |||| 00| 0 eng d
024 _a95486
037 _cTextual
040 _aSDCL
_cSDCL
_beng
041 _2eng
_aeng
082 _aO152,3N25:g(S:55), P6
100 _aSaroj Prakash
_9396512
245 0 _aStri purush sambandon ke aaine mein Mohan Rakesh.
260 _aNew Delhi
_bSwaraj Prakashan
_c2006
300 _a141p.
_ccm.
942 _hO152,3N25:g(S:55), P6
_cTEXL
_2CC
999 _c712247
_d712247